Visualizzazione normale
Vista MARC
- Morcellini Mario
di Personal Name
Records bibliografici associati: 1
001 - CONTROL NUMBER
- control field: 36365
003 - CONTROL NUMBER IDENTIFIER
- control field: IT-RoPau
005 - DATE AND TIME OF LATEST TRANSACTION
- control field: 20151025210319.0
008 - FIXED-LENGTH DATA ELEMENTS
- fixed length control field: 151025|| aca||aabn | a|a d
040 ## - CATALOGING SOURCE
- Original cataloging agency: IT-RoPau
- Transcribing agency: IT-RoPau
100 ## - HEADING--PERSONAL NAME
- Personal name: Morcellini Mario
670 ## - SOURCE DATA FOUND
- Source citation: Work cat.: (IT-RoPau)38230: Morcellini Mario, Tv dell'abbondanza (La): strategie di palinsesto e percorsi del consumo nell'"exploit" della televisione in Italia